UM Logo

Entrepreneurship: (Record no. 6788)

MARC details
000 -LEADER
fixed length control field 00435nam a2200133 4500
008 - FIXED-LENGTH DATA ELEMENTS--GENERAL INFORMATION
fixed length control field 170427b xxu||||| |||| 00| 0 eng d
022 ## - INTERNATIONAL STANDARD SERIAL NUMBER
International Standard Serial Number 10422587
082 ## - DEWEY DECIMAL CLASSIFICATION NUMBER
Edition number 2015
Classification number DPer 658.405
Item number En86
245 ## - TITLE STATEMENT
Title Entrepreneurship:
Remainder of title theory and practice.
260 ## - PUBLICATION, DISTRIBUTION, ETC. (IMPRINT)
Place of publication, distribution, etc. Hoboken, NJ:
Name of publisher, distributor, etc. Wiley Subscription Services, Inc.,
Date of publication, distribution, etc. c2015.
300 ## - PHYSICAL DESCRIPTION
Extent various paging:
Other physical details illustrations;
Dimensions 25 cm.
650 #0 - SUBJECT ADDED ENTRY--TOPICAL TERM
9 (RLIN) 20564
Topical term or geographic name as entry element Entrepreneurship
General subdivision Periodicals
942 ## - ADDED ENTRY ELEMENTS (KOHA)
Source of classification or shelving scheme Dewey Decimal Classification
Koha item type Periodicals
Holdings
Withdrawn status Lost status Source of classification or shelving scheme Materials specified (bound volume or other part) Damaged status Not for loan Collection code Home library Current library Date acquired Source of acquisition Total Checkouts Full call number Barcode Date last seen Price effective from Koha item type Public note
    Dewey Decimal Classification Vol. 39, No. 5     Periodicals UM Digos College - LIC UM Digos College - LIC 04/27/2017 Purchased   DPer 658.405 En86 Sept 2015 Vol. 39, No. 5 24675 04/27/2017 04/27/2017 Periodicals Bound periodical
    Dewey Decimal Classification Vol. 39, No. 6     Periodicals UM Digos College - LIC UM Digos College - LIC 04/27/2017 Purchased   DPer 658.405 En86 Nov 2015 Vol. 39, No. 6 24674 04/27/2017 04/27/2017 Periodicals Bound periodical